000 00960nam a2200265Ia 4500
003 OSt
005 20221005111355.0
006 a|||||r|||| 00| 0
007 ta
008 221004b |||||||| |||| 00| 0 hin d
020 _a9788181436979
_c395
024 _a13594
037 _b269, 03/03/2014, Vani Prakashan
_cTextual
040 _aCRL
_cCRL
_bhin
041 _2hin
_ahin
082 _aO152,1J32,11:g, P8
100 _aचौधरी, मटुक नाथक
245 0 _aरामचरितमानस और कामायनी
246 _aRāmacharitamānas aur kāmāyanī
260 _aनई दिल्ली
_bवाणी प्रकाशन भारत
_c2008
300 _a220पृ0
_ccm.
650 _aहिन्दी साहित्य
942 _hO152,1J32,11:g, P8
_cTEXL
_2cc
999 _c1021643
_d1021643